ပါတီတွင်း ဆွေးနွေးပွဲမှတ်စုများ / (Record no. 27257)

000 -LEADER
fixed length control field 00850nam a22001697a 4500
005 - DATE AND TIME OF LATEST TRANSACTION
control field 20241204143753.0
008 - FIXED-LENGTH DATA ELEMENTS--GENERAL INFORMATION
fixed length control field 230715b ||||| |||| 00| 0 eng d
040 ## - CATALOGING SOURCE
Transcribing agency SSBUL
082 ## - DEWEY DECIMAL CLASSIFICATION NUMBER
Edition number 23
Classification number ၃၂၄.၂၀၉၅၉၁ ပါ
Item number ၁၆၀၇၂ (S-SAT)
245 ## - TITLE STATEMENT
Title ပါတီတွင်း ဆွေးနွေးပွဲမှတ်စုများ /
260 ## - PUBLICATION, DISTRIBUTION, ETC.
Date of publication, distribution, etc. ၁၉၆၈။
Name of publisher, distributor, etc. စာပေဗိမာန်ပုံနှိပ်တိုက်၊
300 ## - PHYSICAL DESCRIPTION
Extent ၁၂၃ စာမျက်နှာ၊
Dimensions ၂၁ စင်တီ။
500 ## - GENERAL NOTE
General note S-SAT: Dr. Sai Aung Tun Collection
650 ## - SUBJECT ADDED ENTRY--TOPICAL TERM
Topical term or geographic name entry element နိုင်ငံရေးပါတီများ
Geographic subdivision မြန်မာနိုင်ငံ။
9 (RLIN) 27802
Topical term or geographic name entry element မြန်မာ့ဆိုရှယ်လစ်လမ်းစဉ်ပါတီ။
9 (RLIN) 27833
942 ## - ADDED ENTRY ELEMENTS (KOHA)
Source of classification or shelving scheme
Koha item type Book (Short term)
Holdings
Withdrawn status Lost status Source of classification or shelving scheme Damaged status Not for loan Collection code Permanent Location Current Location Shelving location Date acquired Total Checkouts Full call number Barcode Date last seen Price effective from Koha item type Accession
          Special Collections Shan State Buddhist University Library Shan State Buddhist University Library Special Collection Shelves 15/07/2023   ၃၂၄.၂၀၉၅၉၁ ပါ ၁၆၀၇၂ (S-SAT) MB00016072 15/07/2023 15/07/2023 Book (Short term) ၁၆၀၇၂ (S-SAT)

Library - 09407999929
Admin Office - 09407999979
Dean Office - 09250910768
Registrar Office - 09892297154
Email - [email protected]
Shan State Buddhist University, Phaya Phyu Taunggyi, Shan State, Myanmar.